South Eastern Kenya University

Library Online Public Access Catalogue


Legal problem solver : (Record no. 7193)

MARC details
000 -LEADER
fixed length control field 00727cam a2200241 a 4500
001 - CONTROL NUMBER
control field 3942764
003 - CONTROL NUMBER IDENTIFIER
control field OSt
005 - DATE AND TIME OF LATEST TRANSACTION
control field 20150727110623.0
008 - FIXED-LENGTH DATA ELEMENTS--GENERAL INFORMATION
fixed length control field 930730s1994 nyuab 001 0 eng
010 ## - LIBRARY OF CONGRESS CONTROL NUMBER
LC control number 93027340
020 ## - INTERNATIONAL STANDARD BOOK NUMBER
International Standard Book Number 0895775506
040 ## - CATALOGING SOURCE
Original cataloging agency SEKU
043 ## - GEOGRAPHIC AREA CODE
Geographic area code n-us---
050 00 - LIBRARY OF CONGRESS CALL NUMBER
Classification number KF 387
Item number .L4 1994
245 00 - TITLE STATEMENT
Title Legal problem solver :
Remainder of title a quick-and-easy action guide to the law
Statement of responsibility, etc. Reader's Digest.
260 ## - PUBLICATION, DISTRIBUTION, ETC. (IMPRINT)
Place of publication, distribution, etc. Pleasantville, N.Y. :
Name of publisher, distributor, etc. Reader's Digest,
Date of publication, distribution, etc. c1994.
300 ## - PHYSICAL DESCRIPTION
Extent 640 p. :
Other physical details col. ill., maps ;
Dimensions 26 cm.
500 ## - GENERAL NOTE
General note Includes index.
650 #0 - SUBJECT ADDED ENTRY--TOPICAL TERM
Topical term or geographic name as entry element Law
Geographic subdivision United States
General subdivision Popular works.
710 2# - ADDED ENTRY--CORPORATE NAME
Corporate name or jurisdiction name as entry element Reader's Digest Association.
740 0# - ADDED ENTRY--UNCONTROLLED RELATED/ANALYTICAL TITLE
Uncontrolled related/analytical title Reader's Digest legal problem solver.
942 ## - ADDED ENTRY ELEMENTS (KOHA)
Source of classification or shelving scheme Library of Congress Classification
Koha item type General circulation
Holdings
Withdrawn status Lost status Source of classification or shelving scheme Damaged status Not for loan Home library Current library Shelving location Date acquired Source of acquisition Total Checkouts Full call number Barcode Date last seen Price effective from Koha item type Public note
    Library of Congress Classification     Main Campus Library Main Campus Library General Stacks 27/07/2015 Donation-Books for Africa   KF 387 .L4 2015/004850 27/07/2015 27/07/2015 General circulation amk
    Library of Congress Classification     Main Campus Library Main Campus Library General Stacks 27/07/2015 Donation-Books for Africa   KF 387 .L4 2015/004851 27/07/2015 27/07/2015 General circulation amk
    Library of Congress Classification     Main Campus Library Main Campus Library General Stacks 27/07/2015 Books for Africa   KF 387 .L4 2015/004671 27/07/2015 27/07/2015 General circulation smo
Kitui, Kenya.
+254736116989
library@seku.ac.ke